Guess the WWE Wrestlers' Hometowns - Statistics

General Stats
  • This quiz has been taken 67 times
  • The average score is 7 of 15
Answer Stats
Hint Answer % Correct
CM Punk Chicago, IL
95%
Solo Sikoa Los Angeles, CA
95%
Seth 'Freakin' Rollins Davenport, IA
73%
Jey and Jimmy Uso San Francisco, CA
63%
GUNTHER Vienna, Austria
63%
Drew McIntyre Ayr, Scotland
57%
Roman Reigns Pensacola, FL
52%
Daniel Bryan/Bryan Danielson Aberdeen, WA
48%
Charlotte Flair Queen City
43%
Finn Balor Bray, County Wicklow, Ireland
41%
AJ Styles Gainesville, GA
41%
Nikki and Brie Bella Scottsdale, AZ
29%
Ludwig Kaiser Hamburg, Germany
27%
Val Venis Las Vegas, NV
16%
Giovanni Vinci South Tirol, Italy
2%
No matching quizzes found
Score Distribution
Percent of People with Each Score
Percentile by Number Answered
Your Score History
You have not taken this quiz